000 01015nmm a2200301 a 4500
001 ocm000884679
003 TR-IsHL
005 20201028144356.0
008 141121s1998 tu tur
007 cr cn
020 _a9789757814818
035 _a884679
_b(N$T)
050 0 4 _aDD290.3
_b.Ş45 1998
090 0 4 _aDD290.3
_b.Ş45 1998
100 1 _aŞekeroğlu, Mehmet
245 1 0 _aAlman demokratlarıa mektuplar
_h[electronic resource] /
_cMehmet Şekeroğlu
250 _a1. bsk.
260 _aİstanbul :
_bPencere Yayınları,
_c1998
300 _a257 p.
650 4 _aPolitika ve Uluslararası İlişkiler
650 4 _aPolitics and International Relations
650 0 _aAlmanya
_xDış ilişkiler
_xTürkiye
650 0 _aGermany
_xForeign relations
_xTurkey
650 0 _aEntellektüeller
_xAlmanya
650 0 _aIntellectuals
_xGermany
650 7 _aHISTORY / Europe / Germany
_2bisacsh
856 4 0 _uhttp://search.ebscohost.com/login.aspx?direct=true&scope=site&db=e011xww&AN=884679
999 _c9391
_d9391